000 01250cam a2200217 4500
001 X123126
008 030724n2003 000 0 eng u
035 _a(Sirsi) u123126
245 _aThames Gateway special
260 _c2003
490 _aHousing Today
_v(339) 27 June 2003, 24-34(11)
520 _aGroup of articles examining aspects of the proposed Thames Gateway development. "Landlocked" looks at the disappointing progress of the Thames Gateway since the launch of the Communities Plan. "Back to the future" examines the history of Thamemead and whether there are lessons to be learnt for the Gateway. "The promised land?" exposes the weaknesses in the Thames Gateway vision. "Double take" focuses on Tilfen Land, a private developer owned by a charity and a Registered Social Landlord, who aims to make a push into the Thames Gateway. "Let's do the right thing" outlines the World Wildlife Fund's ideas for making the new housing more environment-friendly.
650 _aTHAMES GATEWAY
650 _aTHAMESMEAD
650 _aSUSTAINABLE COMMUNITIES: BUILDING FOR THE FUTURE
650 _aSUSTAINABLE DEVELOPMENT
650 _aPRIVATE DEVELOPERS
650 _aENVIRONMENTAL COSTS
690 _aHOUSING-DEVELOPMENT
942 _n0
999 _c73115
_d73115